000 00715nam a22001937a 4500
999 _c176093
_d176093
005 20201102145646.0
010 _aUR-10917
020 _c300.00
_a9789389358810
035 _aU-9472
037 _bDBAD/PUB
082 _a841
100 _dپشپيند ر کما ر نم
245 _aر و ما نی شا عر :ا ختر شير ا نی
_cپشپيند ر کما ر نم
246 _bRomani Shayar: Akhtar Shirani (Urdu)
_aby Dr. Pushpendera Kumar Nim
260 _aN.Delhi
_bEducational Publishing House
_c2019 ء
270 _aH.O.D1/16,Ansari Road,Darya ganj,
_bN.Delhi
_e110002
_k45678285,23216162
_l0091-11-23211540
300 _a208 ص
_c22 Cm(Hb)
942 _2ddc
_cUR
_h841
_mپ ش پ